[Event "Val Thorens op"]
[Site "Val Thorens"]
[Date "1992.??.??"]
[Round "?"]
[White "Jordan, John"]
[Black "Pichon, Jean Marc"]
[Result "1-0"]
[WhiteElo "1880"]
[BlackElo "2210"]
[PlyCount "49"]
[EventDate "1992.??.??"]
[EventType "swiss"]
[EventRounds "9"]
[EventCountry "FRA"]
[SourceTitle "EXT 2004"]
[Source "ChessBase"]
[SourceDate "2003.11.25"]
[SourceVersion "1"]
[SourceVersionDate "2003.11.25"]
[SourceQuality "1"]

1. c4 e5 2. Nc3 Nc6 3. Nf3 g6 4. d4 exd4 5. Nxd4 Bg7 6. Nxc6 bxc6 7. e4 Qh4 8. Bd2 Bxc3 9. Bxc3 Qxe4+ 10. Be2 f6 11. 0-0 Kf7 12. Re1 Ne7 13. Bd3 Qf4 14. Re4 Qh6 15. Rxe7+ Kxe7 16. Qf3 g5 17. Re1+ Kf7 18. Qe4 Qf8 19. c5 Kg7 20. Re3 Qxc5 21. Rh3 Kf7 22. Rxh7+ Rxh7 23. Qxh7+ Ke6 24. Qg8+ Kd6 25. Bb4 1-0

[Event "FRA-ch Accession"]
[Site "Montpellier"]
[Date "1991.??.??"]
[Round "1"]
[White "Letreguilly, Olivier"]
[Black "Pichon, Jean Marc"]
[Result "1-0"]
[WhiteElo "2305"]
[BlackElo "2250"]
[PlyCount "107"]
[EventDate "1991.??.??"]
[EventType "swiss"]
[EventRounds "11"]
[EventCountry "FRA"]
[SourceTitle "EXT 1999"]
[Source "ChessBase"]
[SourceDate "1998.11.16"]
[SourceVersion "1"]
[SourceVersionDate "1998.11.16"]
[SourceQuality "1"]

1. d4 Nf6 2. Nf3 g6 3. g3 Bg7 4. Bg2 c5 5. d5 d6 6. Nc3 0-0 7. 0-0 Na6 8. a3 Rb8 9. Rb1 b5 10. b4 cxb4 11. axb4 Qc7 12. Qd3 Bd7 13. Nd4 Rfc8 14. Nc6 Bxc6 15. dxc6 Qd8 16. Be3 Nc7 17. Bxa7 Ra8 18. Ra1 Ng4 19. f4 Na6 20. Rxa6 Rxa7 21. Rfa1 Bxc3 22. Qxc3 Rac7 23. Bh3 h5 24. Bg2 d5 25. Qc5 e6 26. h3 Nf6 27. R1a3 Nd7 28. Qxb5 Nb8 29. Ra8 Nxc6 30. Rxc8 Qxc8 31. c3 Ne7 32. Qd3 Rc4 33. e4 Qc6 34. exd5 exd5 35. h4 Kg7 36. Kh2 Kh7 37. Qf3 Qf6 38. Qd3 Qc6 39. Qe3 Qf6 40. Qe5 Qxe5 41. fxe5 Rc7 42. Kg1 Kg7 43. Kf2 f6 44. exf6+ Kxf6 45. Ke3 Ke5 46. Kd3 Rc8 47. Ra7 Kd6 48. Bh3 Re8 49. Ra6+ Kc7 50. Re6 Kd8 51. Kd4 g5 52. hxg5 Rg8 53. Rd6+ Ke8 54. b5 1-0

[Event "Cappelle op 07th"]
[Site "Cappelle la Grande"]
[Date "1991.??.??"]
[Round "?"]
[White "Werner, Dimo"]
[Black "Pichon, Jean Marc"]
[Result "1/2-1/2"]
[WhiteElo "2395"]
[BlackElo "2255"]
[PlyCount "25"]
[EventDate "1991.02.??"]
[EventType "swiss"]
[EventRounds "9"]
[EventCountry "FRA"]
[SourceTitle "EXT 1998"]
[Source "ChessBase"]
[SourceDate "1997.11.17"]
[SourceVersion "1"]
[SourceVersionDate "1997.11.17"]
[SourceQuality "1"]

1. Nf3 d6 2. d4 Nf6 3. c4 g6 4. Nc3 Bg7 5. e4 0-0 6. Be3 Nbd7 7. h3 c5 8. d5 b5 9. cxb5 a6 10. Qd2 axb5 11. Bxb5 Qa5 12. Bd3 Ba6 13. 0-0 1/2-1/2

[Event "Cappelle op 06th"]
[Site "Cappelle la Grande"]
[Date "1990.02.19"]
[Round "2"]
[White "Hebden, Mark"]
[Black "Pichon, Jean Marc"]
[Result "1-0"]
[WhiteElo "2530"]
[BlackElo "2315"]
[PlyCount "61"]
[EventDate "1990.02.18"]
[EventType "swiss"]
[EventRounds "9"]
[EventCountry "FRA"]
[SourceTitle "EXT 2004"]
[Source "ChessBase"]
[SourceDate "2003.11.25"]
[SourceVersion "1"]
[SourceVersionDate "2003.11.25"]
[SourceQuality "1"]

1. d4 Nf6 2. Nf3 c5 3. e3 e6 4. c4 Be7 5. Nc3 0-0 6. d5 d6 7. h3 Na6 8. Be2 Nc7 9. e4 exd5 10. exd5 b5 11. cxb5 Bb7 12. Bc4 a6 13. bxa6 Bxa6 14. b3 Nd7 15. 0-0 Bf6 16. Qd3 Nb6 17. Bd2 Bxc4 18. bxc4 Ra3 19. Rab1 Na6 20. Rb3 Nb4 21. Qe4 Re8 22. Qg4 Ra8 23. Ne4 Rxa2 24. Bxb4 cxb4 25. Rxb4 Na4 26. Rb8 Qxb8 27. Nxf6+ Kh8 28. Ng5 Rf8 29. Qh5 h6 30. Qxf7 Nc5 31. Qg6 1-0

[Event "Paris-ch op"]
[Site "Paris"]
[Date "1990.??.??"]
[Round "?"]
[White "Dussol, Pierre"]
[Black "Pichon, Jean Marc"]
[Result "1/2-1/2"]
[WhiteElo "2260"]
[BlackElo "2315"]
[PlyCount "122"]
[EventDate "1990.05.??"]
[EventType "swiss"]
[EventRounds "9"]
[EventCountry "FRA"]
[SourceTitle "EXT 1997"]
[Source "ChessBase"]
[SourceDate "1996.11.15"]
[SourceVersion "1"]
[SourceVersionDate "1996.11.15"]
[SourceQuality "1"]

1. e4 c6 2. d4 d5 3. Nc3 g6 4. h3 Bg7 5. Nf3 dxe4 6. Nxe4 Nf6 7. Nxf6+ exf6 8. Bc4 0-0 9. 0-0 a5 10. a4 Nd7 11. b3 Nb6 12. Ba3 Re8 13. Qd2 Nxc4 14. bxc4 Re4 15. Rab1 Be6 16. Qd3 Rf4 17. Rxb7 Qc8 18. Rfb1 Bf8 19. Bc1 Bf5 20. Qb3 Re4 21. c5 Be6 22. Qd3 Bf5 23. Qc4 Be6 24. Qd3 Bf5 25. Qb3 Be6 26. c4 Bxh3 27. Qd3 Bf5 28. Qc3 Re7 29. Rxe7 Bxb1 30. Re1 Qf5 31. Be3 Qc2 32. Rc1 Qxc3 33. Rxc3 Rb8 34. Nd2 Bf5 35. Rb3 Rc8 36. Rb6 Be7 37. Nb3 Bd8 38. Nxa5 Bxb6 39. cxb6 Rb8 40. b7 Bc8 41. bxc8Q+ Rxc8 42. c5 g5 43. Nxc6 Rxc6 44. d5 Ra6 45. c6 Kf8 46. c7 Ra8 47. d6 Ke8 48. Bd4 f5 49. Bf6 g4 50. Kh2 Kd7 51. Kg3 Kxd6 52. Bd8 Kd7 53. Kf4 Rxa4+ 54. Kxf5 h6 55. g3 Rc4 56. Kf6 Rc2 57. Kxf7 Rxf2+ 58. Kg6 Rh2 59. Kf5 h5 60. Kf4 Rc2 61. Kg5 Rc5+ 1/2-1/2